Fußballer - Statistiken

Allgemein
  • Dieses Quiz wurde 897 mal gespielt
  • Das Durchschnittsergebnis liegt bei 6 aus 15
Antwortstatistiken
Mio € Fußballer % Korrekt
160 Mbappé
95%
110 Haaland
86%
110 Neymar
76%
110 Salah
45%
90 Kimmich
44%
100 De Bruyne
43%
120 Kane
41%
100 Mané
40%
100 Sancho
35%
90 Sterling
25%
100 Lukaku
21%
90 de Jong
16%
100 Alexander-Arnold
14%
90 Fernandes
10%
90 Oblak
7%
Keine übereinstimmenden Quizze gefunden
Verteilung der Resultate
Anzahl Personen mit jedem Resultat
Perzentil nach korrekt beantworteten Fragen
Ihre Resultats-Entwicklung
Sie haben dieses Quiz noch nicht gespielt